Personnel Management In Indian Organisations (Concepts and Cases) (Record no. 7859)

000 -LEADER
fixed length control field 00322nam a2200109Ia 4500
008 - FIXED-LENGTH DATA ELEMENTS--GENERAL INFORMATION
fixed length control field 201217s9999 xx 000 0 und d
100 ## - MAIN ENTRY--PERSONAL NAME
Personal name Verma, Pramod
245 #0 - TITLE STATEMENT
Title Personnel Management In Indian Organisations (Concepts and Cases)
260 ## - PUBLICATION, DISTRIBUTION, ETC.
Place of publication, distribution, etc. New Delhi
Name of publisher, distributor, etc. Oxford & IBH Publishing Co. Pvt. Ltd.
300 ## - PHYSICAL DESCRIPTION
Extent 390
942 ## - ADDED ENTRY ELEMENTS (KOHA)
Koha item type Books
Holdings
Withdrawn status Lost status Damaged status Not for loan Permanent Location Date acquired Full call number Barcode Date last seen Price effective from Koha item type
        IMU Kolkata 2020-12-17 658.30954 V522 PM03078 2020-12-17 2020-12-17 Books
Designed and Maintained by IMU-KC Library, Kolkata Campus © Copyright All Rights Reserved

webs counters

Powered by Koha